| 000 | 00821nam a22001817a 4500 | ||
|---|---|---|---|
| 999 |
_c63994 _d63994 |
||
| 005 | 20260305120051.0 | ||
| 008 | 260305s2012 enk||||| |||| 00| 0 eng d | ||
| 020 | _a 9780307948861x | ||
| 041 | _aeng | ||
| 080 | _a821.521 M-29 | ||
| 245 |
_aMarch Was Made of Yarn: _bReflections on the Japanese Earthquake, Tsunami, and Nuclear Meltdown / _cEdited by Elmer Luke, David Karashima. |
||
| 264 |
_aNew York : _bVintage Books, _c2012. |
||
| 300 |
_a218 p.; _b21 cm. |
||
| 653 | _aიაპონიის მიწისძვრის, ცუნამისა და ბირთვული აფეთქების შესახებ ანარეკლები | ||
| 700 |
_aLuke, Elmer _eრედაქტორი _927057 |
||
| 700 |
_aKarashima, David _eრედაქტორი _927058 |
||
| 942 |
_2udc _cBK |
||